Elaboración de diagnóstico de infraestructura escolar e institucional en los municipios de Santa Rosa del Peñón Departamento de León y el municipio de puerto Morazán Departamento de Chinandega
Los resultados generados fueron seis Diagnósticos de Infraestructura Escolar e Institucional y la Actualización del Mapa Escolar, los cuales servirán como base de datos en la formulación de Planes de Mejoramiento y Reparación de los Establecimientos Escolares así como las futuras gestiones de...
| Main Author: | |
|---|---|
| Other Authors: | |
| Format: | Tesis Section = Libro |
| Language: | Undetermined Spanish |
| Published: |
Managua
UNI
2009
|
| Subjects: |
| LEADER | 01482nam a2200241Ia 4500 | ||
|---|---|---|---|
| 008 | 240830s9999 xx 000 0 und d | ||
| 040 | |a BIBLIOTECA-RUSB/ Mon 727.1 L961 | ||
| 041 | |a spa | ||
| 082 | |a Mon 727.1 L961 | ||
| 100 | 1 | |a Luna Bello, Pablo Andrés | |
| 245 | 1 | 0 | |a Elaboración de diagnóstico de infraestructura escolar e institucional en los municipios de Santa Rosa del Peñón Departamento de León y el municipio de puerto Morazán Departamento de Chinandega |
| 260 | |a Managua |b UNI |c 2009 | ||
| 300 | |a 51 p. :il. | ||
| 500 | |a Informe de prácticas profesionales supervisadas. Convenio de cooperación técnica MINED-UNI año 2007. | ||
| 502 | |a Tesis (Arquitecto) - UNI, 2009. | ||
| 520 | 3 | |a Los resultados generados fueron seis Diagnósticos de Infraestructura Escolar e Institucional y la Actualización del Mapa Escolar, los cuales servirán como base de datos en la formulación de Planes de Mejoramiento y Reparación de los Establecimientos Escolares así como las futuras gestiones de recursos y proyectos del Ministerio de Educación, con el propósito de mejorar de la calidad y el nivel de educación en los departamentos de la zona visitada. | |
| 650 | 7 | |a DIAGNÓSTICO - INFRAESTRUCTRA ESCOLAR | |
| 650 | 7 | |b LEVANTAMIENTO DE PLANTA FÍSICA - ESTABLECIMIENTOS ESCOLARES | |
| 650 | 7 | |c INSTALACIONES EDUCATIVAS - COORDENADAS GEOGRAFICAS | |
| 700 | 1 | |a Tutor: |b Rosales Rivera, Benjamin | |
| 942 | |c BK |2 ddc | ||
| 991 | |a TESIS | ||
| 999 | |c 21381 | ||